Macro economics dimenstions in tenth five year plan / (Record no. 23149)

MARC details
000 -LEADER
fixed length control field 00777nam a22002175a 4500
005 - DATE AND TIME OF LATEST TRANSACTION
control field 20081202064115.0
008 - FIXED-LENGTH DATA ELEMENTS--GENERAL INFORMATION
fixed length control field 081025s2008 ii b 001 0 eng
010 ## - LCCN (DPL NO)
LC control number ENG-92885
020 ## - INTERNATIONAL STANDARD BOOK NUMBER
Terms of availability 50.00
International Standard Book Number 8177356119
035 ## - SYSTEM CONTROL NUMBER
System control number EN-76418
037 ## - SOURCE OF ACQUISITION
Source of stock number/acquisition DBAD / PUB
040 ## - CATALOGING SOURCE
Original cataloging agency dpl
Language of cataloging English
082 ## - DEWEY DECIMAL CLASSIFICATION NUMBER
Classification number 339
100 ## - MAIN ENTRY--PERSONAL NAME
Personal name Hemanathan, K.P.
245 ## - TITLE STATEMENT
Title Macro economics dimenstions in tenth five year plan /
Statement of responsibility, etc by K.P. Hemanathan
260 ## - PUBLICATION, DISTRIBUTION, ETC. (IMPRINT)
Place of publication, distribution, etc Chennai
Name of publisher, distributor, etc Pavai Publications
Date of publication, distribution, etc 2008
270 ## - ADDRESS
Address 142, Jani Jan Khan Road, Royapettah,
City Chennai
Postal code 600014
300 ## - PHYSICAL DESCRIPTION
Extent 97p. .
Dimensions 22cm (pbk)
942 ## - ADDED ENTRY ELEMENTS (KOHA)
Source of classification or shelving scheme Dewey Decimal Classification
Item type English Books
Call number suffix HEM
Classification part 339
Holdings
Withdrawn status Lost status Source of classification or shelving scheme Damaged status Not for loan Collection code Home library Current library Date acquired Source of acquisition Cost, normal purchase price Total Checkouts Full call number Barcode Date last seen Copy number Cost, replacement price Koha item type
    Dewey Decimal Classification   Not For Loan Non-fiction D.B.Act.Division D.B.Act.Division 06/02/2009 DBAD / PUB 50.00   339 HEM EN-76418 06/02/2009 1 50.00 English Books

© Delhi Public Library
Hit Counter
free hit counter